00254nam a2200109Ia 4500008004100000100002100041245003400062250000800096260002400104300000800128650000800136191201s2013 xx 000 0 und d aSKOLNIK, Merrill 0aIntroduction to Radar Systems aRep c2013bTMHaN. Delhi a772 aECE